000 01255nam a22002177a 4500
005 20150212161230.0
008 140702b xxu||||| |||| 00| 0 eng d
010 _aBAC-HN24 HIN-103269 B-547330-357
020 _c250.00
_a9789382066149
035 _aHN-75615 B-547330-357
037 _bपैन्सी बुक्स
040 _aDPL
082 _a821
245 _a मिर्ज़ा ग़ालिब की चुनींदा शायरी /
_cदेवेन्द्र माँझी द्वारा सम्पादित
260 _aनई दिल्ली
_bट्रांसवर्ल्ड पब्लिशर्स
_c2014
270 _aW-116, ग्रेटर कैलाश-1, द्वितीय मंजिल,
_bनई दिल्ली
_e110048
300 _a128 पृ
_c21 से.मी (सजिल्द)
650 _aHindi Fiction
_918894
942 _2ddc
_cHN
_h821
_mमिर्ज़ाग़ा
999 _c86299
_d86299